[Event "ICS rated blitz match"]
[Site "204.178.125.65"]
[Date "1999.08.30"]
[Round "?"]
[White "exsacs"]
[Black "Hossa"]
[Result "0-1"]
[WhiteElo "2208"]
[BlackElo "2495"]
[PlyCount "80"]
[EventDate "1999.??.??"]

1. e4 c6 2. d4 d5 3. exd5 cxd5 4. Bd3 Nc6 5. c3 e5 6. dxe5 Nxe5 7. Bb5+ Nc6 8.
Nf3 Bg4 9. O-O Bd6 10. Re1+ Be7 11. Be3 Nf6 12. Nbd2 O-O 13. Qa4 Qc7 14. Nd4
Rac8 15. N2f3 Ne4 16. h3 Bh5 17. Rac1 Rfe8 18. c4 Nc5 19. Qc2 Red8 20. cxd5
Nxd4 21. Bxd4 Bxf3 22. gxf3 Rxd5 23. Be3 Qa5 24. Bc4 Nd3 25. Red1 Nxc1 26. Rxc1
Rc7 27. b3 Rdd7 28. a4 Qh5 29. Kh2 Qxf3 30. Rg1 Bd6+ 31. Rg3 Bxg3+ 32. fxg3
Qxe3 33. Qg2 Rd2 34. h4 Rxg2+ 35. Kxg2 Qe4+ 36. Kh3 Qh1+ 37. Kg4 h5+ 38. Kf4
Re7 39. Kg5 Re5+ 40. Kf4 40... Qe4# {exsacs checkmated} 0-1

[Event "ICS rated blitz match"]
[Site "204.178.125.65"]
[Date "1999.09.04"]
[Round "?"]
[White "exsacs"]
[Black "Hossa"]
[Result "0-1"]
[WhiteElo "2124"]
[BlackElo "2504"]
[PlyCount "84"]
[EventDate "1999.??.??"]

1. e4 e5 2. Nf3 Nf6 3. Nc3 Bb4 4. Bc4 d6 5. d3 Bxc3+ 6. bxc3 O-O 7. Bg5 Bg4 8.
h3 Bxf3 9. Qxf3 Nbd7 10. O-O c6 11. Bb3 Rc8 12. Qf5 h6 13. Bh4 Qa5 14. Bxf6
Nxf6 15. c4 Qc5 16. Kh2 b5 17. cxb5 cxb5 18. f4 Qc3 19. fxe5 dxe5 20. a4 b4 21.
Rad1 Rc5 22. Rf3 Qd4 23. Rdf1 Kh8 24. Rg3 Qd7 25. Qf2 Rc6 26. Rf3 Qe7 27. g4
Rd8 28. Kg3 Kg8 29. h4 Rc3 30. Kh3 Rd6 31. Rg1 Qd7 32. Kh2 Nxg4+ 33. Rxg4 Qxg4
34. Rxf7 Rxb3 35. cxb3 Rxd3 36. Rf8+ Kh7 37. Qf5+ Qxf5 38. Rxf5 Rxb3 39. Rxe5
Re3 40. Ra5 Rxe4 41. Kg3 b3 42. Rxa7 42... Rb4 {exsacs resigns} 0-1

[Event "ICS rated blitz match"]
[Site "204.178.125.65"]
[Date "1999.08.31"]
[Round "?"]
[White "exsacs"]
[Black "Hossa"]
[Result "0-1"]
[WhiteElo "2219"]
[BlackElo "2533"]
[PlyCount "86"]
[EventDate "1999.??.??"]

1. e4 c6 2. d4 d5 3. e5 e6 4. f4 c5 5. c3 cxd4 6. cxd4 Bb4+ 7. Nc3 Ne7 8. Nf3
Nbc6 9. Bd3 Bd7 10. O-O Rc8 11. Kh1 Bxc3 12. bxc3 Na5 13. Bd2 Nc4 14. Rc1 O-O
15. Bxh7+ Kxh7 16. Ng5+ Kg6 17. Qg4 f5 18. exf6 Kxf6 19. Be1 Rh8 20. Bh4 Ne3
21. Nxe6+ Rxh4 22. Qxh4+ Kxe6 23. Rce1 N7f5 24. Qxd8 Rxd8 25. g4 Kf6 26. gxf5
Nxf1 27. Rxf1 Bxf5 28. Re1 Be4+ 29. Kg1 Kf5 30. Rf1 Rc8 31. Rc1 Kxf4 32. Rf1+
Ke3 33. Rf7 g5 34. h3 Rxc3 35. Rxb7 Rc1+ 36. Kh2 Rh1+ 37. Kg3 Rg1+ 38. Kh2 Rg2+
39. Kh1 Rb2+ 40. Kg1 Rxb7 41. h4 Rb1+ 42. Kh2 Kf4 43. hxg5 43... Rh1# {
exsacs checkmated} 0-1

[Event "ICS rated blitz match"]
[Site "204.178.125.65"]
[Date "1999.08.30"]
[Round "?"]
[White "exsacs"]
[Black "Hossa"]
[Result "0-1"]
[WhiteElo "2245"]
[BlackElo "2539"]
[PlyCount "102"]
[EventDate "1999.??.??"]

1. e4 c6 2. d4 d5 3. exd5 cxd5 4. Bd3 Nc6 5. c3 e5 6. dxe5 Nxe5 7. Qe2 Qe7 8.
Bb5+ Bd7 9. Be3 Nf6 10. Nd2 a6 11. Bxd7+ Nfxd7 12. Ngf3 Nxf3+ 13. Nxf3 Nf6 14.
O-O Ne4 15. Nd4 Qe5 16. Rfe1 Bd6 17. Nf3 Qh5 18. h3 O-O 19. Nd4 Qg6 20. Qg4
Qxg4 21. hxg4 Rfe8 22. f3 Bg3 23. Re2 Nd6 24. Bf2 Bxf2+ 25. Kxf2 Rxe2+ 26. Kxe2
Re8+ 27. Kf2 Nc4 28. b3 Nb2 29. Rb1 Nd3+ 30. Kg3 Re3 31. Nf5 Re2 32. Rd1 Ne1
33. Rxd5 Rxg2+ 34. Kf4 h5 35. Rd7 Rf2 36. Nd4 hxg4 37. Kxg4 Rg2+ 38. Kf4 Nd3+
39. Ke3 Nc5 40. Rc7 Rg5 41. b4 Na4 42. c4 b6 43. Ra7 Nb2 44. Rxa6 Re5+ 45. Kf4
Nxc4 46. a4 Kh7 47. Ra8 Rh5 48. a5 Rh4+ 49. Kg3 Rxd4 50. a6 Rd3 51. a7 51...
Ra3 {exsacs resigns} 0-1

[Event "ICS rated blitz match"]
[Site "204.178.125.65"]
[Date "1999.08.30"]
[Round "?"]
[White "exsacs"]
[Black "Hossa"]
[Result "0-1"]
[WhiteElo "2266"]
[BlackElo "2485"]
[PlyCount "68"]
[EventDate "1999.??.??"]

1. e4 c5 2. c4 Nc6 3. Nc3 e5 4. g3 Be7 5. Bg2 Nf6 6. d3 O-O 7. Nge2 Ne8 8. O-O
f5 9. exf5 Rxf5 10. Nd5 d6 11. f4 Rf7 12. b3 Bf8 13. Bb2 Bg4 14. Qd2 Nd4 15.
Nxd4 exd4 16. Rae1 Rb8 17. h3 Bd7 18. Rf2 b5 19. Rfe2 Nf6 20. Nxf6+ Qxf6 21.
Bd5 bxc4 22. dxc4 Bxh3 23. Re8 Rxe8 24. Rxe8 Qg6 25. Kf2 Bg4 26. b4 Qh5 27. Kg1
Bf3 28. Qh2 Qxh2+ 29. Kxh2 Bxd5 30. cxd5 Rb7 31. bxc5 Rxb2+ 32. Kh3 dxc5 33. d6
Rb7 34. Rc8 34... Rd7 {exsacs resigns} 0-1

[Event "ICS rated blitz match"]
[Site "204.178.125.65"]
[Date "1999.09.04"]
[Round "?"]
[White "exsacs"]
[Black "Hossa"]
[Result "1/2-1/2"]
[WhiteElo "2147"]
[BlackElo "2524"]
[PlyCount "68"]
[EventDate "1999.??.??"]

1. e4 e5 2. Nf3 Nf6 3. Nc3 Bb4 4. Bc4 d6 5. d3 Bxc3+ 6. bxc3 Bg4 7. h3 Bxf3 8.
Qxf3 Nbd7 9. Bg5 h6 10. Bh4 Nb6 11. Bb3 a5 12. a4 O-O 13. O-O Nbd7 14. Kh2 Nc5
15. g4 Rb8 16. g5 Nh7 17. g6 Qxh4 18. gxh7+ Kxh7 19. Rg1 f5 20. exf5 b5 21. Rg4
Qf6 22. Rag1 bxa4 23. Rxg7+ Qxg7 24. Rxg7+ Kxg7 25. Qg4+ Kh8 26. Qg6 axb3 27.
Qxh6+ Kg8 28. Qg6+ Kh8 29. cxb3 Rbd8 30. f6 Rd7 31. Qh6+ Kg8 32. Qg6+ Kh8 33.
Qh6+ Kg8 34. Qg6+ 34... Kh8 {Game drawn by repetition} 1/2-1/2

[Event "ICS rated blitz match"]
[Site "204.178.125.65"]
[Date "1999.09.05"]
[Round "?"]
[White "exsacs"]
[Black "Hossa"]
[Result "0-1"]
[WhiteElo "2218"]
[BlackElo "2463"]
[PlyCount "98"]
[EventDate "1999.??.??"]

1. e4 c5 2. c4 Nc6 3. Nc3 e5 4. g3 Be7 5. Bg2 Nf6 6. d3 O-O 7. Nge2 Ne8 8. O-O
f5 9. f4 fxe4 10. dxe4 Rf7 11. f5 Nf6 12. Nd5 Nxd5 13. cxd5 Nd4 14. h3 Nxe2+
15. Qxe2 d6 16. Be3 Bg5 17. h4 Bxe3+ 18. Qxe3 b5 19. Qf2 b4 20. b3 a5 21. g4 a4
22. Qg3 Rfa7 23. Rae1 axb3 24. axb3 Bd7 25. Rf3 Ra3 26. Bf1 Ra2 27. Bc4 Qc8 28.
g5 R8a7 29. g6 h6 30. f6 Bg4 31. Rff1 Bh3 32. Rf3 Rg2+ 33. Qxg2 Bxg2 34. Kxg2
Qg4+ 35. Kf2 Qxh4+ 36. Kf1 Qg4 37. f7+ Kf8 38. Rf2 Qxg6 39. Bb5 Qg4 40. Be8
Qh3+ 41. Kg1 Qg3+ 42. Kf1 Qxb3 43. Ree2 Qh3+ 44. Rg2 Qf3+ 45. Kg1 Ra1+ 46. Kh2
Qh5+ 47. Kg3 Ra3+ 48. Kf2 Qh4+ 49. Rg3 49... Qxg3+ {exsacs resigns} 0-1

[Event "ICS rated blitz match"]
[Site "204.178.125.65"]
[Date "1999.09.07"]
[Round "?"]
[White "exsacs"]
[Black "Hossa"]
[Result "0-1"]
[WhiteElo "2178"]
[BlackElo "2509"]
[PlyCount "62"]
[EventDate "1999.??.??"]

1. e4 e6 2. d4 d5 3. Nc3 c6 4. e5 Nd7 5. f4 c5 6. Nf3 Nh6 7. Bd3 cxd4 8. Nxd4
Bc5 9. Be3 Bb4 10. O-O Bxc3 11. bxc3 Nb6 12. Qh5 O-O 13. Rae1 Bd7 14. Rf3 Rc8
15. Rg3 Kh8 16. Rh3 Nc4 17. f5 Nxe3 18. f6 Neg4 19. fxg7+ Kxg7 20. Ree3 f5 21.
Reg3 Kh8 22. Rxg4 fxg4 23. Qxh6 Rf7 24. Rg3 Qb6 25. h3 gxh3 26. Rxh3 Rxc3 27.
Qg6 Qxd4+ 28. Kh1 Rf1+ 29. Kh2 Qg1+ 30. Kg3 Qe3+ 31. Kh2 31... Qxh3+ {
exsacs resigns} 0-1

[Event "ICS rated blitz match"]
[Site "204.178.125.65"]
[Date "1999.10.16"]
[Round "?"]
[White "exsacs"]
[Black "Hossa"]
[Result "0-1"]
[WhiteElo "2311"]
[BlackElo "2445"]
[PlyCount "58"]
[EventDate "1999.??.??"]

1. e4 e5 2. Nf3 Nc6 3. Bb5 a6 4. Bxc6 dxc6 5. O-O Bg4 6. h3 Bxf3 7. Qxf3 Ne7 8.
c3 Ng6 9. d4 exd4 10. cxd4 Qxd4 11. Rd1 Qe5 12. Nc3 Bd6 13. g3 Rd8 14. Be3 O-O
15. Kg2 f5 16. exf5 Rxf5 17. Qg4 Qe6 18. Re1 Qf7 19. Rad1 Rf8 20. f4 Bb4 21.
Bd4 c5 22. Be3 Bxc3 23. bxc3 Qxa2+ 24. Rd2 Qc4 25. Qe2 Qxc3 26. Rd7 Qa5 27. Bd2
Qb6 28. Qc4+ Kh8 29. Be3 29... Qc6+ {exsacs resigns} 0-1

[Event "ICS rated blitz match"]
[Site "204.178.125.65"]
[Date "1999.09.09"]
[Round "?"]
[White "felixcrull"]
[Black "Hossa"]
[Result "0-1"]
[WhiteElo "2406"]
[BlackElo "2469"]
[PlyCount "61"]
[EventDate "1999.??.??"]

1. d4 d5 2. c4 c6 3. Nc3 Nf6 4. Nf3 dxc4 5. e4 b5 6. e5 Nd5 7. a4 b4 8. Ne4 c3
9. bxc3 Bf5 10. Ng3 Nxc3 11. Qb3 e6 12. Nxf5 exf5 13. Bc4 Nd5 14. h4 Be7 15.
Rh3 O-O 16. Rg3 Bxh4 17. Rh3 Be7 18. Qd3 Qd7 19. Bb3 f6 20. Kf1 a5 21. Nh4 fxe5
22. dxe5 Na6 23. Qf3 Nc5 24. Bc4 Qe6 25. Qh5 Ne3+ 26. Bxe3 Qxc4+ 27. Kg1 Qg4
28. Nf3 Qxh5 29. Rxh5 Nd3 30. g3 f4 31. Bd4 {felixcrull resigns} 0-1

[Event "ICS rated blitz match"]
[Site "204.178.125.65"]
[Date "1999.09.12"]
[Round "?"]
[White "fidelito"]
[Black "Hossa"]
[Result "0-1"]
[WhiteElo "2304"]
[BlackElo "2557"]
[PlyCount "50"]
[EventDate "1999.??.??"]

1. e4 c6 2. d4 d5 3. exd5 cxd5 4. c4 Nf6 5. Nc3 Nc6 6. Nf3 Bg4 7. cxd5 Bxf3 8.
gxf3 Nxd5 9. Qb3 Nb6 10. Be3 e6 11. O-O-O Rc8 12. Kb1 Nd7 13. d5 exd5 14. Nxd5
Bd6 15. Rg1 O-O 16. Bh6 Be5 17. f4 Kh8 18. fxe5 gxh6 19. f4 Qh4 20. Bh3 Rfd8
21. Rg4 Qh5 22. Rdg1 Qf5+ 23. Ka1 Nd4 24. Qa4 Nc2+ 25. Kb1 25... Ne1+ {
fidelito resigns} 0-1

[Event "ICS rated blitz match"]
[Site "204.178.125.65"]
[Date "1999.09.23"]
[Round "?"]
[White "fidelito"]
[Black "Hossa"]
[Result "0-1"]
[WhiteElo "2252"]
[BlackElo "2396"]
[PlyCount "80"]
[EventDate "1999.??.??"]

1. d4 f5 2. Bg5 h6 3. Bh4 g5 4. Bg3 Nf6 5. e3 d6 6. h4 g4 7. Bd3 Nc6 8. d5 Nxd5
9. Bxf5 Bxf5 10. Qxd5 e5 11. e4 Nd4 12. exf5 Nxc2+ 13. Kd2 Nxa1 14. Nc3 Be7 15.
Nge2 c6 16. Qe6 Qb6 17. b3 Nxb3+ 18. axb3 Rf8 19. h5 Qd8 20. Bh4 Qd7 21. Qxd7+
Kxd7 22. Bxe7 Kxe7 23. Ng3 d5 24. Rh4 Rg8 25. Nd1 Rg7 26. Ne3 Rag8 27. Ke2 e4
28. Nc2 Kf6 29. Nd4 Ke5 30. Ne6 Rf7 31. Rh1 a5 32. Ra1 b6 33. Ra4 c5 34. Ra2 d4
35. Rc2 d3+ 36. Kd2 dxc2 37. Kxc2 Rc8 38. Kc3 Rxf5 39. Nxf5 Kxf5 40. Ng7+ 40...
Kf6 {fidelito resigns} 0-1

[Event "ICS rated blitz match"]
[Site "204.178.125.65"]
[Date "1999.09.12"]
[Round "?"]
[White "fidelito"]
[Black "Hossa"]
[Result "0-1"]
[WhiteElo "2339"]
[BlackElo "2461"]
[PlyCount "86"]
[EventDate "1999.??.??"]

1. e4 e6 2. d3 d5 3. Nd2 c5 4. Ngf3 Nc6 5. g3 Bd6 6. Bg2 Nge7 7. O-O O-O 8. c3
f5 9. exf5 Nxf5 10. c4 Rb8 11. Re1 b5 12. b3 bxc4 13. dxc4 Qf6 14. Rb1 Bb7 15.
Bb2 Nfd4 16. Rf1 Nxf3+ 17. Nxf3 d4 18. Nd2 Nb4 19. Ne4 Bxe4 20. Bxe4 Nxa2 21.
Ra1 Nb4 22. Rxa7 Qg5 23. Ba3 Rb6 24. Bxb4 Rxb4 25. Kg2 Bb8 26. Ra6 e5 27. h4
Qe7 28. Qh5 g6 29. Bxg6 Qb7+ 30. Kh2 Kh8 31. Bf5 Qf7 32. Qxf7 Rxf7 33. g4 Rxb3
34. Ra8 Rb2 35. Rb1 Rxb1 36. Bxb1 Rxf2+ 37. Kg3 Rf8 38. Be4 Kg8 39. g5 Kg7 40.
Ra5 Rf4 41. Bd5 d3 42. Ra3 d2 43. Rd3 43... Rd4 {fidelito resigns} 0-1

[Event "ICS rated blitz match"]
[Site "204.178.125.65"]
[Date "1999.09.06"]
[Round "?"]
[White "fjolset"]
[Black "Hossa"]
[Result "0-1"]
[WhiteElo "2110"]
[BlackElo "2437"]
[PlyCount "76"]
[EventDate "1999.??.??"]

1. d4 Nf6 2. e3 g6 3. Bd3 Bg7 4. f4 O-O 5. Nf3 d5 6. Nbd2 Bg4 7. c3 Nbd7 8. O-O
c5 9. Qe1 cxd4 10. exd4 Rc8 11. Ne5 Bh5 12. Ndf3 e6 13. Qh4 Bxf3 14. Rxf3 Ne4
15. Qh3 Ndf6 16. Be3 Qb6 17. Rb1 Rfe8 18. a3 Rc7 19. g4 Nd7 20. g5 f6 21. gxf6
Ndxf6 22. Qh4 a6 23. Rh3 Rcc8 24. Bxe4 dxe4 25. f5 exf5 26. Bg5 Nh5 27. Kg2 Qe6
28. Qf2 Rb8 29. Rf1 Bxe5 30. dxe5 Qxe5 31. Rxh5 gxh5 32. Qh4 Qb5 33. Qxh5 Qxb2+
34. Kh1 Qxc3 35. Bf4 Rbd8 36. Rg1+ Kh8 37. Qxf5 Qf3+ 38. Rg2 38... Rd1# {
fjolset checkmated} 0-1

[Event "ICS rated blitz match"]
[Site "204.178.125.65"]
[Date "1999.09.24"]
[Round "?"]
[White "flaoli"]
[Black "Hossa"]
[Result "1/2-1/2"]
[WhiteElo "2060"]
[BlackElo "2413"]
[PlyCount "76"]
[EventDate "1999.??.??"]

1. e4 c5 2. Nf3 d6 3. d4 cxd4 4. Qxd4 Nc6 5. Bb5 Bd7 6. Bxc6 bxc6 7. c4 e5 8.
Qd3 Nf6 9. Nc3 Ng4 10. h3 Nf6 11. O-O Qc7 12. b3 Be7 13. Rd1 O-O 14. Ba3 Qa5
15. Bc1 Rab8 16. Bg5 Rfd8 17. Bxf6 Bxf6 18. Rac1 Be6 19. Qe3 Qa3 20. Rc2 Rd7
21. Rcd2 Rbd8 22. Ng5 Bxg5 23. Qxg5 f6 24. Qg3 f5 25. exf5 Bxf5 26. Qf3 Qa5 27.
Na4 e4 28. Qf4 Bg6 29. Rxd6 Rxd6 30. Rxd6 Qe1+ 31. Kh2 Rxd6 32. Qxd6 Qxf2 33.
Qb8+ Kf7 34. Qc7+ Kf8 35. Qd8+ Kf7 36. Qd7+ Kf8 37. Qd8+ Kf7 38. Qd7+ 38... Kf8
{Game drawn by mutual agreement} 1/2-1/2

[Event "ICS rated blitz match"]
[Site "204.178.125.65"]
[Date "1999.09.24"]
[Round "?"]
[White "flaoli"]
[Black "Hossa"]
[Result "0-1"]
[WhiteElo "2060"]
[BlackElo "2413"]
[PlyCount "132"]
[EventDate "1999.??.??"]

1. e4 c5 2. Nf3 d6 3. d4 cxd4 4. Qxd4 Nc6 5. Bb5 Bd7 6. Bxc6 bxc6 7. c4 e5 8.
Qd3 Nf6 9. Nc3 Ng4 10. h3 Nf6 11. O-O Qc7 12. b3 Be7 13. Rd1 O-O 14. Bg5 Qa5
15. Rac1 Rad8 16. Rc2 Be6 17. Rcd2 Qc5 18. Be3 Qa3 19. Qc2 Nd7 20. Na4 a6 21.
Bb6 Nxb6 22. Nxb6 f5 23. exf5 Bxf5 24. Qc3 Be4 25. Ne1 Bg5 26. Re2 Bg6 27. Na4
Bh5 28. f3 Bg6 29. Nd3 Bxd3 30. Qxd3 Rf4 31. Nc3 Be7 32. Ne4 d5 33. cxd5 cxd5
34. Nc3 Bc5+ 35. Kh1 Bd4 36. Nxd5 Rxd5 37. Qc4 Qd6 38. Rc2 Rf6 39. Qc8+ Rf8 40.
Qc4 Kh8 41. a4 a5 42. Qe2 Rb8 43. Rd3 Qf8 44. Qe4 Rd7 45. Rc6 Rbd8 46. Ra6 Qc5
47. Rc6 Qb4 48. Rc4 Qf8 49. Rc6 Kg8 50. Ra6 Qb4 51. Ra8 Qa3 52. Rxd8+ Rxd8 53.
Qf5 Qc1+ 54. Kh2 Bg1+ 55. Kg3 Qf4+ 56. Qxf4 exf4+ 57. Kg4 Rxd3 58. Kf5 Rxb3 59.
Ke4 Rb4+ 60. Kd5 Kf7 61. Kc6 Ke6 62. Kc7 Rc4+ 63. Kb7 Kd7 64. Ka6 Kc6 65. Kxa5
Bb6+ 66. Ka6 66... Rxa4# {flaoli checkmated} 0-1

[Event "ICS rated blitz match"]
[Site "204.178.125.65"]
[Date "1999.09.12"]
[Round "?"]
[White "fog"]
[Black "Hossa"]
[Result "0-1"]
[WhiteElo "2384"]
[BlackElo "2542"]
[PlyCount "64"]
[EventDate "1999.??.??"]

1. c4 Nf6 2. e3 Nc6 3. d4 e5 4. d5 Bb4+ 5. Bd2 Bxd2+ 6. Nxd2 Ne7 7. e4 c6 8.
Bd3 O-O 9. Ngf3 d6 10. O-O Nd7 11. b4 f5 12. exf5 cxd5 13. cxd5 Nf6 14. Qb3
Bxf5 15. Bxf5 Nxf5 16. Rfe1 Ne7 17. Ne4 Qb6 18. a4 Nxe4 19. Rxe4 Rac8 20. Rd1
a5 21. b5 Qc5 22. Qe3 Qc2 23. Qe2 Qxe2 24. Rxe2 Rc4 25. Ra2 Nxd5 26. h3 Nc3 27.
Rc2 e4 28. Ng5 Nxd1 29. Rxc4 Nxf2 30. Rc7 e3 31. Rxb7 Ne4 32. Nf3 32... Rxf3 {
fog resigns} 0-1

[Event "ICS rated blitz match"]
[Site "204.178.125.65"]
[Date "1999.09.06"]
[Round "?"]
[White "freyr"]
[Black "Hossa"]
[Result "0-1"]
[WhiteElo "2360"]
[BlackElo "2466"]
[PlyCount "52"]
[EventDate "1999.??.??"]

1. d4 Nf6 2. c4 e6 3. Nc3 Bb4 4. e3 O-O 5. Nge2 Ne4 6. Qc2 d5 7. a3 Qh4 8. axb4
Nxf2 9. g3 Qf6 10. Rg1 dxc4 11. Ne4 Nxe4 12. Qxe4 Nc6 13. Nc3 e5 14. d5 Nxb4
15. g4 Qh4+ 16. Kd1 Qxh2 17. Rg2 Qh1 18. Qxc4 c6 19. dxc6 Be6 20. Qxb4 Qxf1+
21. Kc2 Qxg2+ 22. Kb1 Qxc6 23. e4 Bxg4 24. Ra5 Rfe8 25. Rc5 Qd6 26. Rd5 26...
Qxb4 {freyr resigns} 0-1

[Event "ICS rated blitz match"]
[Site "204.178.125.65"]
[Date "1999.10.03"]
[Round "?"]
[White "fuxx"]
[Black "Hossa"]
[Result "0-1"]
[WhiteElo "2215"]
[BlackElo "2453"]
[PlyCount "90"]
[EventDate "1999.??.??"]

1. Nf3 d5 2. d4 Nf6 3. c4 dxc4 4. e3 b5 5. a4 c6 6. Ne5 Nfd7 7. Nxd7 Nxd7 8.
Nc3 b4 9. Ne4 Ba6 10. Qc2 b3 11. Qc3 Nb6 12. Bd2 e6 13. Be2 Be7 14. O-O O-O 15.
Rfd1 Nd5 16. Qc1 f5 17. Nc5 Bxc5 18. dxc5 Qf6 19. Rb1 c3 20. Bxa6 c2 21. Bc4
Rab8 22. Bxd5 exd5 23. Bc3 Qe7 24. Bd4 f4 25. Re1 cxb1=R 26. Qxb1 fxe3 27. Rxe3
Qh4 28. Rd3 Rb4 29. Be3 d4 30. g3 Qe4 31. Bd2 Rxa4 32. Qf1 Rf3 33. Rxf3 Qxf3
34. h4 Kf7 35. Bf4 d3 36. Qe1 Ra2 37. Bd6 Qe2 38. Qc3 Rxb2 39. Qc4+ Qe6 40.
Qxd3 Qe1+ 41. Qf1 Rb1 42. Qxe1 Rxe1+ 43. Kg2 b2 44. Kf3 b1=Q 45. h5 45... Qe4#
{fuxx checkmated} 0-1

[Event "ICS rated blitz match"]
[Site "204.178.125.65"]
[Date "1999.08.28"]
[Round "?"]
[White "gallati"]
[Black "Hossa"]
[Result "0-1"]
[WhiteElo "2093"]
[BlackElo "2463"]
[PlyCount "35"]
[EventDate "1999.??.??"]

1. a3 d5 2. Nf3 c5 3. g3 Nc6 4. Bg2 e5 5. d3 Nf6 6. O-O Be7 7. Bg5 O-O 8. Nfd2
Ng4 9. Bxe7 Nxe7 10. e4 d4 11. h3 Nh6 12. f4 exf4 13. gxf4 Re8 14. a4 Ng6 15.
Qe1 Bxh3 16. Bxh3 Nxf4 17. Bg2 Qg5 18. Qf2 {gallati resigns} 0-1

[Event "ICS rated blitz match"]
[Site "204.178.125.65"]
[Date "1999.08.28"]
[Round "?"]
[White "gallati"]
[Black "Hossa"]
[Result "0-1"]
[WhiteElo "2087"]
[BlackElo "2469"]
[PlyCount "60"]
[EventDate "1999.??.??"]

1. Nf3 Nf6 2. g3 g6 3. Bg2 Bg7 4. O-O O-O 5. d3 d5 6. c3 c5 7. Bg5 Nc6 8. a3
Bg4 9. h3 Bxf3 10. Bxf3 e6 11. e4 Qb6 12. Qc1 dxe4 13. dxe4 Ne5 14. Bxf6 Nxf3+
15. Kg2 Bxf6 16. Kxf3 Rad8 17. Nd2 Bg5 18. Rd1 Qc6 19. Qc2 f5 20. Kg2 Bxd2 21.
Rxd2 Rxd2 22. Qxd2 Qxe4+ 23. f3 Qd5 24. Qe3 Rd8 25. Re1 Qd2+ 26. Kf1 Qxe3 27.
Rxe3 Rd1+ 28. Ke2 Rh1 29. h4 f4 30. gxf4 30... Kf7 {gallati resigns} 0-1

[Event "ICS rated blitz match"]
[Site "204.178.125.65"]
[Date "1999.09.12"]
[Round "?"]
[White "graetjoiner"]
[Black "Hossa"]
[Result "0-1"]
[WhiteElo "2186"]
[BlackElo "2478"]
[PlyCount "144"]
[EventDate "1999.??.??"]

1. Nf3 Nf6 2. g3 g6 3. Bg2 Bg7 4. O-O O-O 5. d4 d5 6. Nbd2 Nc6 7. e3 Bg4 8. h3
Bxf3 9. Nxf3 Re8 10. b3 e5 11. dxe5 Nxe5 12. Bb2 Nc6 13. Nd4 Na5 14. Nf3 Qd6
15. Qd2 Ne4 16. Qc1 Nc3 17. Qe1 Qc5 18. Bxc3 Bxc3 19. Qd1 Bxa1 20. Qxa1 c6 21.
Nd4 Qd6 22. Rd1 Rad8 23. h4 Qe7 24. h5 c5 25. Nf3 gxh5 26. Nh4 Qg5 27. Kh2 b6
28. Rd3 Nc6 29. Qd1 Nb4 30. Rd2 Nxa2 31. Qf3 d4 32. Nf5 Re5 33. Bh3 a6 34. Rd3
Rdd5 35. e4 Rd8 36. Qg2 Ree8 37. f4 Qg6 38. e5 Nb4 39. Rf3 f6 40. Nd6 fxe5 41.
Nxe8 e4 42. Rf2 e3 43. Re2 Rxe8 44. f5 Qg5 45. Qf3 h4 46. gxh4 Qxh4 47. f6 Kf8
48. Rg2 Re4 49. f7 Qf4+ 50. Qxf4 Rxf4 51. Be6 Ke7 52. Rg8 Rf2+ 53. Kg1 Kxe6 54.
f8=Q Rxf8 55. Rxf8 Nxc2 56. Re8+ Kd5 57. Kf1 d3 58. b4 e2+ 59. Kf2 cxb4 60.
Rd8+ Kc6 61. Re8 e1=Q+ 62. Rxe1 Nxe1 63. Kxe1 Kd5 64. Kd2 Kc4 65. Kc1 b3 66.
Kd1 b2 67. Kd2 b1=Q 68. Ke3 Qg1+ 69. Kf3 d2 70. Ke4 d1=Q 71. Kf5 Qd5+ 72. Kf6
72... Qgg5# {graetjoiner checkmated} 0-1

[Event "ICS rated blitz match"]
[Site "204.178.125.65"]
[Date "1999.09.12"]
[Round "?"]
[White "graetjoiner"]
[Black "Hossa"]
[Result "0-1"]
[WhiteElo "2203"]
[BlackElo "2468"]
[PlyCount "48"]
[EventDate "1999.??.??"]

1. Nf3 Nf6 2. g3 g6 3. Bg2 Bg7 4. O-O O-O 5. d4 d5 6. Nbd2 Nc6 7. b3 Ne4 8. Bb2
Bg4 9. h3 Bxf3 10. Nxf3 Na5 11. e3 c5 12. Nd2 Nxd2 13. Qxd2 Nc6 14. c3 cxd4 15.
cxd4 Rc8 16. Rac1 e6 17. Rc2 f5 18. Rfc1 Rf7 19. b4 a6 20. a4 Rfc7 21. Qc3 Nxd4
22. Qxc7 Ne2+ 23. Kf1 Rxc7 24. Rxc7 24... Nxc1 {graetjoiner resigns} 0-1

[Event "ICS rated blitz match"]
[Site "204.178.125.65"]
[Date "1999.09.03"]
[Round "?"]
[White "grisu"]
[Black "Hossa"]
[Result "0-1"]
[WhiteElo "2033"]
[BlackElo "2548"]
[PlyCount "30"]
[EventDate "1999.??.??"]

1. e4 c5 2. Nf3 Nc6 3. d4 cxd4 4. Nxd4 g6 5. Nc3 Bg7 6. Be3 Nh6 7. Qd2 Ng4 8.
Bg5 Bxd4 9. f3 Nf2 10. Bb5 Nxh1 11. Bxc6 dxc6 12. O-O-O Qa5 13. Qxd4 Qxg5+ 14.
Kb1 e5 15. Qd6 15... Be6 {grisu resigns} 0-1

[Event "ICS rated blitz match"]
[Site "204.178.125.65"]
[Date "1999.09.25"]
[Round "?"]
[White "guchess"]
[Black "Hossa"]
[Result "0-1"]
[WhiteElo "2030"]
[BlackElo "2423"]
[PlyCount "68"]
[EventDate "1999.??.??"]

1. d4 Nf6 2. c4 e6 3. Nc3 Bb4 4. Qc2 c5 5. dxc5 O-O 6. Nf3 Bxc5 7. e3 Nc6 8. a3
d5 9. Bd3 dxc4 10. Bxc4 Bd7 11. O-O Qe7 12. b4 Bd6 13. Bb2 Rac8 14. Qb3 Rfd8
15. Rfd1 Ng4 16. Rd2 Nce5 17. Nxe5 Bxe5 18. h3 Nf6 19. Rad1 Bb8 20. Bf1 e5 21.
g3 Bc6 22. Bg2 Rxd2 23. Rxd2 Bxg2 24. Kxg2 Ne8 25. Qd1 Nd6 26. Nd5 Qe6 27. e4
Nxe4 28. Re2 Ng5 29. g4 Rd8 30. Rd2 Kh8 31. Ne3 Qc6+ 32. Nd5 Ne4 33. Rd3 Rxd5
34. Rxd5 34... Nf6 {guchess resigns} 0-1

[Event "ICS rated blitz match"]
[Site "204.178.125.65"]
[Date "1999.10.13"]
[Round "?"]
[White "gucio"]
[Black "Hossa"]
[Result "0-1"]
[WhiteElo "2232"]
[BlackElo "2398"]
[PlyCount "74"]
[EventDate "1999.??.??"]

1. a3 d5 2. d4 Bg4 3. c3 Nf6 4. h3 Bh5 5. Qb3 b6 6. Bf4 e6 7. Nd2 Bd6 8. Bxd6
cxd6 9. e4 dxe4 10. Nxe4 Nxe4 11. Qb5+ Nd7 12. Qxh5 O-O 13. Bd3 Nef6 14. Qh4 e5
15. Ne2 d5 16. dxe5 Nxe5 17. O-O-O Re8 18. Nd4 Rc8 19. Bc2 Rc7 20. Rhe1 Nc4 21.
Rxe8+ Qxe8 22. Nf5 Rc6 23. Qg5 Qf8 24. Re1 Re6 25. Rxe6 fxe6 26. Nd4 h6 27. Qg6
Qd6 28. g3 Ne5 29. Nb5 Qd7 30. Qxf6 gxf6 31. Nd4 Kf7 32. h4 Qc7 33. Ne2 Qc4 34.
Kd2 Qa2 35. b3 Nf3+ 36. Ke3 Qxc2 37. Kxf3 37... Qe4# {gucio checkmated} 0-1

[Event "ICS rated blitz match"]
[Site "204.178.125.65"]
[Date "1999.09.24"]
[Round "?"]
[White "hamsi"]
[Black "Hossa"]
[Result "0-1"]
[WhiteElo "2419"]
[BlackElo "2456"]
[PlyCount "100"]
[EventDate "1999.??.??"]

1. e4 c5 2. Nf3 d6 3. d4 cxd4 4. Nxd4 Nf6 5. Nc3 a6 6. Be2 e5 7. Nf3 Be7 8. Bg5
Nc6 9. Bxf6 Bxf6 10. Nd5 O-O 11. O-O Be6 12. c3 Bxd5 13. exd5 Ne7 14. c4 b5 15.
Nd2 bxc4 16. Bxc4 Ng6 17. Ne4 Bh4 18. g3 f5 19. Nc3 Bg5 20. Qe2 Qb6 21. h4 Bh6
22. h5 Ne7 23. Bb3 f4 24. Ne4 fxg3 25. Nxg3 Bf4 26. Qg4 Bxg3 27. Qxg3 Qd4 28.
Qc3 Qg4+ 29. Qg3 Qxh5 30. Kg2 Nf5 31. Qh3 Qg5+ 32. Kh1 Rac8 33. Rg1 Qd2 34.
Rad1 Qxb2 35. Ba4 Qxf2 36. Bd7 Rc7 37. Be6+ Rff7 38. Rg2 Qf4 39. Rdg1 Kh8 40.
Qh5 Rf8 41. Bxf5 Rxf5 42. Qe8+ Rf8 43. Qh5 Qe4 44. Kh2 Qxd5 45. Rg4 Qxa2+ 46.
R1g2 Qb1 47. Rh4 Rcf7 48. Qh6 gxh6 49. Rhg4 d5 50. Rg8+ 50... Rxg8 {
hamsi resigns} 0-1

[Event "ICS rated blitz match"]
[Site "204.178.125.65"]
[Date "1999.08.30"]
[Round "?"]
[White "hamsi"]
[Black "Hossa"]
[Result "0-1"]
[WhiteElo "2338"]
[BlackElo "2475"]
[PlyCount "34"]
[EventDate "1999.??.??"]

1. e4 c5 2. Nf3 d6 3. c4 e5 4. Nc3 Be7 5. Nd5 Nc6 6. d3 Nf6 7. Be2 O-O 8. b3
Nxd5 9. cxd5 Nd4 10. Nxd4 cxd4 11. O-O f5 12. exf5 Bxf5 13. Bg4 Qa5 14. Bxf5
Rxf5 15. Qg4 Raf8 16. Qe4 Qc3 17. Ba3 17... Rxf2 {hamsi resigns} 0-1